General Theory of Law and State / (Record no. 540)
[ view plain ]
| 000 -LEADER | |
|---|---|
| fixed length control field | 00664nam a22001813n 4500 |
| 001 - CONTROL NUMBER | |
| control field | FRBNF323039560000003 |
| 003 - CONTROL NUMBER IDENTIFIER | |
| control field | http://catalogue.bnf.fr/ark:/12148/cb323039560 |
| 005 - DATE AND TIME OF LATEST TRANSACTION | |
| control field | 20241101185531.0 |
| 008 - FIXED-LENGTH DATA ELEMENTS--GENERAL INFORMATION | |
| fixed length control field | 241101b |||||||| |||| 00| 0 eng d |
| 020 ## - INTERNATIONAL STANDARD BOOK NUMBER | |
| International Standard Book Number | 9781584777175 |
| 050 ## - LIBRARY OF CONGRESS CALL NUMBER | |
| Classification number | K252 |
| Item number | .K45 |
| 245 ## - TITLE STATEMENT | |
| Title | General Theory of Law and State / |
| Statement of responsibility, etc. | by Hans Kelsen |
| 260 ## - PUBLICATION, DISTRIBUTION, ETC. | |
| Place of publication, distribution, etc. | New Jersey |
| Name of publisher, distributor, etc. | The Lawbook Exchange Ltd |
| Date of publication, distribution, etc. | c2009 |
| 300 ## - PHYSICAL DESCRIPTION | |
| Extent | xxxiii, 516 pages |
| Other physical details | Index |
| Dimensions | 23cm |
| 700 ## - ADDED ENTRY--PERSONAL NAME | |
| Materials specified | 11909571 |
| Arranged statement for music | ISNI0000000121266076 |
| Personal name | Kelsen |
| Numeration | Hans |
| Relationship | 070 |
| 700 ## - ADDED ENTRY--PERSONAL NAME | |
| Personal name | Anders Wedberg (Assistant Professor of Philosophy in the University of Stockholm) |
| Relationship | translated |
| 942 ## - ADDED ENTRY ELEMENTS (KOHA) | |
| Source of classification or shelving scheme | Library of Congress Classification |
| Koha item type | Books |
| Suppress in OPAC | No |
| 999 ## - | |
| -- | 540 |
| -- | 540 |
| Withdrawn status | Lost status | Source of classification or shelving scheme | Damaged status | Not for loan | Collection | Home library | Current library | Shelving location | Date acquired | Total checkouts | Full call number | Barcode | Date last seen | Copy number | Price effective from | Koha item type |
|---|---|---|---|---|---|---|---|---|---|---|---|---|---|---|---|---|
| Library of Congress Classification | Non-fiction | Law Library (Christ Temple) | Law Library (Christ Temple) | General stacks | 04/15/2025 | K252.K45 KEL | LLCT00000557 | 04/15/2025 | 1 | 04/15/2025 | Books | |||||
| Library of Congress Classification | Non-fiction | Law Library (Miotso) | Law Library (Miotso) | General stacks | 11/01/2024 | K252.K45 KEL | llm00000531 | 11/01/2024 | 1 | 11/01/2024 | Books |